000 00389nam a22001697a 4500
003 OSt
008 230414b |||||||| |||| 00| 0 eng d
020 _a9789332585515
082 _a658.0072 BAB
100 _aBAJPAI,Naval
245 _aBusiness Research Methods
250 _a2nd Ed
260 _aUP
_bPearson
_c2020
300 _a851
650 _aDecentralization
942 _2ddc
_cREF
999 _c11967
_d11967